LEADER 01155nam a2200277 a 4500 001 000000153890 003 CaOOAMICUS 005 20160914133725.0 008 160914s1968 it u000 u ita r 032 $aLibriCat 040 $aPUL$bita 100 1 $aLombardo Radice, Lucio,$d1916-1983.$0(OLS)http://pul/name/30968 245 10$aSocialismo e libertą /$cLucio Lombardo Radice. 260 $aRoma :$bEditori Riuniti,$c1968. 300 $a225 p. ; $c22 cm. 490 1 $aNuova biblioteca di cultura (Editori Riuniti) ;$v82 504 $aInclude riferimenti bibliografici. 650 4$aMarxismo$xStudi.$0(OLS)http://pul/subject/14902 650 4$aSocialismo$zEuropa$ySec. XIX-XX.$0(OLS)http://pul/subject/25596 830 0$aNuova biblioteca di cultura (Editori Riuniti) ;$v82.$0(OLS)http://pul/title/58830 850 $aPUL 852 $aPUL$W1$xDP1 Fondo G. Barberini$y122$m4 C 23$j44226$qFondi$B179862$CPULBib$Z2$F179862 $HBar644 $81 941 1 $a1 996 $6245$aSocialismo e libertą$9(OLS)http://pul/title/193453 996 $6260$aRoma :$bEditori Riuniti$9(OLS)http://pul/publisher/54152 LEADER 01468namaa2200361 i 4500 001 000000178259 003 CaOOAMICUS 005 20251205114718.0 007 tu 008 251205s1989 it 000 u ita r 020 $a88-215-1726-8* 040 $aPUL$bita$erda 082 0 $a271.92 100 1 $aMontonati, Angelo,$d1931-,$eautore.$0(OLS)http://pul/name/47100 245 10$aElisabetta e l'imprevisto /$cAngelo Montonati . 264 4$c©1989. 264 1$aCinisello Balsamo :$bEdizioni Paoline,$c[1989] 300 $a187 pagine, [16] carte di tav. :$billustrazioni ;$c20 cm 336 $atesto$btxt$2rdacontent 337 $asenza mediazione$bn$2rdamedia 338 $avolume$bnc$2rdacarrier 490 1 $aFondatori e riformatori ;$v22 600 10$aRenzi, Elisabetta,$cbeata,$d1786-1859.$0(OLS)http://pul/subject/47070 830 0$aFondatori e riformatori ;$v22.$0(OLS)http://pul/title/90438 850 $aPUL 852 $aPUL$W1$xDP1 Fondo Liberati$y125$m2 L 4$j202128$qFondi$B207352$CPULBib$Z2$F207352 $HLib150 $82 941 1 $a1 996 $6020$a88-215-1726-8*$9(OLS)http://pul/number/170698 996 $6082$a271.92$9(OLS)http://pul/classification/2728 996 $6245$aElisabetta e l'imprevisto$9(OLS)http://pul/title/219828 996 $6264$aCinisello Balsamo :$bEdizioni Paoline$9(OLS)http://pul/publisher/51955 996 $6264$a[S.l.] :$b[s.n.]$9(OLS)http://pul/publisher/0